Sentence processing
保存先:
| 第一著者: | |
|---|---|
| フォーマット: | 図書 |
| 言語: | 英語 |
| 出版事項: |
Nueva York
Psychology Press
2013
|
| 版: | 1a. ed |
| シリーズ: | Current Issues in the Psychology of Language
|
| 主題: | |
| タグ: |
タグ追加
タグなし, このレコードへの初めてのタグを付けませんか!
|
MARC
| LEADER | 00000cam a2200000 a 4500 | ||
|---|---|---|---|
| 001 | UCC0780 | ||
| 003 | CL-VaPUC | ||
| 008 | 170831e20130000us |||||||||||||||||eng|d | ||
| 020 | |a 9781848720633 | ||
| 020 | |a 9781848721319 | ||
| 082 | 0 | 4 | |a 428 |b GOM |2 21 |
| 100 | 0 | |a Gompel, Roger P. G. van |e author |9 594780 | |
| 245 | 1 | 0 | |a Sentence processing |
| 250 | |a 1a. ed | ||
| 300 | |a 272 p | ||
| 942 | |c BK | ||
| 945 | |d 20170831 13:14:00 |a arojas | ||
| 260 | |a Nueva York |b Psychology Press |c 2013 | ||
| 650 | 0 | |a Lengua inglesa |9 453712 | |
| 650 | 0 | |a Lengua inglesa |9 318842 | |
| 650 | 0 | |a Semántica |9 265318 | |
| 650 | 0 | |a Educación lingüística |9 306506 | |
| 583 | |a last modification |c 20170831 13:14:00 |k Rodrigo Vera | ||
| 490 | 0 | |a Current Issues in the Psychology of Language | |
| 999 | |c 369499 |d 369497 | ||
| 952 | |0 0 |1 0 |3 erb |4 0 |6 428_000000000000000_GOM_2013 |7 0 |8 A |9 485329 |a FDOPOS |b FDOPOS |i 5420342 |o 428 GOM 2013 |p 5420342 |r 2025-01-22 |w 2019-11-24 |y BK |z Catalogado en:20170831 |k DLA | ||